Provinces of Spain - Statistics

General Stats
  • This quiz has been taken 254 times
  • The average score is 33 of 50
Answer Stats
Hint Answer % Correct
V____ Valencia
89%
B____ Barcelona
87%
M____ Madrid
85%
S___ C__ D_ T_____ Santa Cruz de Tenerife
83%
A____ Alicante
80%
L_ C____ La Coruna
79%
G____ Granada
77%
M____ Murcia
76%
C____ Cadiz
75%
J____ Jaen
75%
L_ R____ La Rioja
75%
T____ Toledo
75%
A____ Asturias
74%
C____ Cordoba
74%
H____ Huelva
74%
L____ Leon
73%
L_ P____ Las Palmas
72%
T____ Tarragona
72%
V____ Valladolid
72%
B____ Badajoz
71%
M____ Malaga
71%
A____ Almeria
69%
H____ Huesca
68%
S____ Salamanca
68%
S____ Seville
67%
C___ R___ Ciudad Real
66%
G____ Gerona
65%
B____ Burgos
64%
C____ Cantabria
64%
C____ Caceres
63%
L____ Lugo
62%
Z____ Zamora
62%
A____ Albacete
61%
T____ Teruel
61%
P____ Pontevedra
60%
S____ Segovia
60%
A____ Avila
59%
C____ Castellon
59%
O____ Orense
59%
P____ Palencia
59%
L____ Lerida
58%
C____ Cuenca
57%
G____ Guadalajara
55%
S____ Soria
55%
A____ Alava
53%
N____ Navarre
53%
B___ I___ Balearic Islands
52%
B____ Biscay
33%
S____ Saragossa
31%
G____ Guipuscoa
17%
No matching quizzes found
Score Distribution
Percent of People with Each Score
Percentile by Number Answered
Your Score History
You have not taken this quiz